000 00403nam a22001337a 4500
003 SGT
020 _a9789380441269
082 _a891.4309
_bB14S
100 _aशुक्ल, प्रयाग
245 _aबद्रीविशाल : साहित्य , समाज और कला
260 _bवाग्देवी प्रकाशन
_c2014
300 _a151
942 _2ddc
_cBK
999 _c31428
_d31428